| 000 | 00369 a2200145 4500 | ||
|---|---|---|---|
| 001 | 185267 | ||
| 020 | _a85-349-0251-8 | ||
| 040 | _cMagnum | ||
| 100 | _aRegina, Tia | ||
| 240 | 1 | 0 |
_aO boi das aspas de ouro / o gavião e a raposa _lpor |
| 245 | 1 | 0 | _aO boi das aspas de ouro / o gavião e a raposa |
| 300 | _a16 | ||
| 697 | _aLITERATURA INFANTO-JUVENIL | ||
| 942 | _cBK | ||
| 999 |
_c185267 _d185267 |
||